000 00615nam a2200181Ia 4500
003 GCL
008 140319s9999 xx 000 0 ara d
040 _aGCL /
_cGCL
082 0 4 _a646.1
_bن ت
100 1 _aنجوى شكرى محمد مونس
245 1 0 _aالتقنيات الحديثة فى اعداد المانيكان للتشكيل /
_cنجوى شكرى محمد مونس
250 _aالاولى
260 _aالقاهرة :
_bعالم الكتب الحديث ،
_c2002
300 _a207 ص ؛
_c24 سم
650 0 4 _aالنماذج
650 0 4 _aالمانيكان - تصميم
942 _2ddc
_cBK
999 _c3431
_d3431